01169nam a2200325 i 4500001001000000003000900010005001700019008004100036020001800077040009500095082001700190100002700207245005700234264004300291300002300334336002600357337002600383338003600409504005100445588002600496650002000522650002800542650003300570650002500603653002000628655001700648942001200665999001700677952014900694018523118EG-ScBUE20230306033910.0101001s2016 enk f b 001 0 eng d a9780552151740 aTEFODbengerdacTEFODdOCLCQdOCLCFdOCLCOdOCLCQdTEFODdOCLCQdMMIdOCLCQdUkdEG-ScBUE04a500222bBRY1 aBryson, Bill,eauthor.12aA short history of nearly everything /cBill Bryson. 1aLondon :bPenguin Random House,c2016. a667 pages ;c20 cm atext2rdacontentbtxt acomputer2rdamediabn aonline resource2rdacarrierbnc aIncludes bibliographical references and index.0 aPrint version record. 7aScience.2BUEsh 7aCulturexOrigin.2BUEsh 7aHuman beingsxOrigin.2BUEsh 7aLifexOrigin.2BUEsh bGGENcMarch2023 vReading book 2ddccBB c30205d30176 00102ddc40708AlahramaMAINbMAINc1STd2023-03-06ePurchaseg199.00h189l0o500 BRYp000044846r2025-07-15 00:00:00v248.75w2023-03-06yBB